000 00843nam a2200253Ia 4500
003 OSt
005 20221005112934.0
006 a|||||r|||| 00| 0
007 ta
008 221004b |||||||| |||| 00| 0 pan d
020 _a8186216103 (hbk)
_c160
024 _a11722
037 _b814, 13/03/2014, H.K. Prakashan
_cTextual
040 _aCRL
_cCRL
_bpan
041 _2pan
_apan
082 _aO153,1NHAR:g, N4;P3
100 _aਸਿੰਘ, ਹਰਿਭਜਨ
245 0 _aਚੋਲਾ ਟਾਕੀਆਂ ਵਾਲਾ
260 _aਦਿੱਲੀ
_bਨਵਯੁਗ ਭਾਰਤ
_c1994
300 _a247ਪੰ
_ccm.
650 _aਪੰਜਾਬੀ ਸਾਹਿਤ
942 _hO153,1NHAR:g, N4;P3
_cTEXL
_2cc
999 _c1026499
_d1026499